Statystyki dla Dni tygodnia po włosku

Kliknij tutaj aby rozwiązać quiz!

Ogólne statystyki

  • Ten quiz został rozwiązany 171 razy
  • Średni wynik to 6 z 7

Statystyki odpowiedzi

Odpowiedź% Poprawnych
lunedi
98%
sabato
97%
domenica
95%
mercoledi
92%
giovedi
90%
venerdi
90%
martedi
88%

Rozkład punktacji

Percentyl według liczby udzielonych odpowiedzi

Procent ludzi z każdym wynikiem

Twoja historia wyników

Nie rozwiązałeś tego quizu